BGP : building reliable networks with the border gateway protocol (Record no. 180625)

MARC details
000 -LEADER
fixed length control field 00467nam a2200157Ia 4500
005 - DATE AND TIME OF LATEST TRANSACTION
control field 20250225114835.0
008 - FIXED-LENGTH DATA ELEMENTS--GENERAL INFORMATION
fixed length control field 231217s9999 xx 000 0 und d
020 ## - INTERNATIONAL STANDARD BOOK NUMBER
International Standard Book Number 9788173666582
082 ## - DEWEY DECIMAL CLASSIFICATION NUMBER
Classification number 004.62 VAN;1 R
100 ## - MAIN ENTRY--PERSONAL NAME
Personal name Van Benjamin, Iljitsch
245 #0 - TITLE STATEMENT
Title BGP : building reliable networks with the border gateway protocol
260 ## - PUBLICATION, DISTRIBUTION, ETC. (IMPRINT)
Date of publication, distribution, etc. 2002
Name of publisher, distributor, etc. Shroff
Place of publication, distribution, etc. Mumbai
300 ## - PHYSICAL DESCRIPTION
Extent xiv+272
650 ## - SUBJECT ADDED ENTRY--TOPICAL TERM
Topical term or geographic name as entry element BGP,:,reliable,networks,border,gateway,protocol
942 ## - ADDED ENTRY ELEMENTS (KOHA)
Koha item type Books
Holdings
Date last seen Total Checkouts Full call number Accession number Old discount Cost, replacement price Price effective from Category Lost status Damaged status Department Withdrawn status bill no. bill date Permanent Location Current Location Shelving location Entry date Vendor Cost, normal purchase price Grants Currency symbol Conversion rate Discount Discount type
26/01/2024   004.62 VAN;1 R 49080 25 206.25 26/01/2024 Books     Central Library   47325 11/03/2009 Central Library Central Library Central Library 20/05/2008 Book Paradise 275.00 MCA RS 1 68.75 Rupees
26/01/2024   004.62 VAN;2 R1 49081 25 206.25 26/01/2024 Books     Central Library   47325 11/03/2009 Central Library Central Library Central Library 20/05/2008 Book Paradise 275.00 MCA RS 1 68.75 Rupees

© For any Suggestions or Query, please contact the library staff @ librarian@pes.edu or Phone: +9180 2672 1983/ 2108.